| 000 -LEADER |
| fixed length control field |
00966nam a22002897a 4500 |
| 001 - CONTROL NUMBER |
| control field |
22106 |
| 003 - CONTROL NUMBER IDENTIFIER |
| control field |
BD-DhUAP |
| 005 - DATE AND TIME OF LATEST TRANSACTION |
| control field |
20240307182442.0 |
| 008 - FIXED-LENGTH DATA ELEMENTS--GENERAL INFORMATION |
| fixed length control field |
240307b2016 ny a|||| |||| 001 0beng d |
| 020 ## - INTERNATIONAL STANDARD BOOK NUMBER |
| International Standard Book Number |
9781137309754 (hardback : alk. paper) |
| 020 ## - INTERNATIONAL STANDARD BOOK NUMBER |
| International Standard Book Number |
9781137309761 (pbk. : alk. paper) |
| 040 ## - CATALOGING SOURCE |
| Original cataloging agency |
DLC |
| Language of cataloging |
eng |
| Transcribing agency |
DLC |
| Modifying agency |
BD-DhUAP |
| 082 00 - DEWEY DECIMAL CLASSIFICATION NUMBER |
| Classification number |
419 NAP |
| Edition number |
23 |
| 100 1# - MAIN ENTRY--PERSONAL NAME |
| Personal name |
Napier, Jemina. |
| Relator term |
author. |
| 245 10 - TITLE STATEMENT |
| Title |
Sign language in action / |
| Statement of responsibility, etc. |
, Jemina Napier. |
| 264 #1 - PRODUCTION, PUBLICATION, DISTRIBUTION, MANUFACTURE, AND COPYRIGHT NOTICE |
| Place of production, publication, distribution, manufacture |
Houndmills, Basingstoke, Hampshire ; |
| -- |
New York, NY : |
| Name of producer, publisher, distributor, manufacturer |
Palgrave Macmillan, |
| Date of production, publication, distribution, manufacture, or copyright notice |
2016. |
| 300 ## - PHYSICAL DESCRIPTION |
| Extent |
xv, 339 pages : |
| Other physical details |
illustrations ; |
| Dimensions |
22 cm. |
| 336 ## - CONTENT TYPE |
| Content type term |
text |
| Source |
rdacontent |
| 337 ## - MEDIA TYPE |
| Media type term |
unmediated |
| Source |
rdamedia |
| 338 ## - CARRIER TYPE |
| Carrier type term |
volume |
| Source |
rdacarrier |
| 504 ## - BIBLIOGRAPHY, ETC. NOTE |
| Bibliography, etc. note |
Includes bibliographical references (pages 279-332) and index. |
| 650 #0 - SUBJECT ADDED ENTRY--TOPICAL TERM |
| Topical term or geographic name entry element |
Sign language. |
| 650 #0 - SUBJECT ADDED ENTRY--TOPICAL TERM |
| Topical term or geographic name entry element |
Deaf |
| General subdivision |
Means of communication. |
| 650 #0 - SUBJECT ADDED ENTRY--TOPICAL TERM |
| Topical term or geographic name entry element |
Applied linguistics. |
| 700 1# - ADDED ENTRY--PERSONAL NAME |
| Personal name |
Leeson, Lorraine, |
| Relator term |
author. |
| 942 ## - ADDED ENTRY ELEMENTS (KOHA) |
| Source of classification or shelving scheme |
|
| Koha item type |
Book |